| 000 | 00924nam a2200145Ia 4500 | ||
|---|---|---|---|
| 999 |
_c3421 _d3421 |
||
| 020 | _a0415-07310-3 | ||
| 082 | _aRR 103 ROU; | ||
| 245 | 0 | _aRoutledge encyclopedia of philosophy | |
| 260 |
_aLondon _bRoutledge _c1998 |
||
| 500 | _aContents: 10v. vol.1.(A posteriori - Bardwardine, Thomas), (li, 867p.) - v.2.(Brahman - Derrda, Jacques), (xxii, 901p.) - v.3.(Descartes, Rene - Gender and science), (xxii, 868p.) - v.4.(Genealogy - Iqbal, Muhammad), (xxii, 868p.) - v.5.(Irigaray, Lushi - Lushi chunqiu), (xxii, 865p.) - v.6.(Luther, Martin - Nifo, Agostino), (xxii, 872p.) - v.7.(Nihilism - Quantum mechanics, interpretation of), (xxii, 895p.) - v.8.(Questions - Sociology), (xxii, 896p.) - v. 9.(Sociology of knowledge - Zoroastrianism), (xxii, 874p.) - v.10.(List of contributors and entries), (lix, 455p.) | ||
| 504 | _aIncludes index | ||
| 650 | _aPhilosophy - Encyclopedias | ||
| 700 | _aCraig, Edward | ||
| 942 |
_cBK _2ddc |
||